000 00538nam a2200193Ia 4500
008 131103s9999 xx 000 0 und d
020 _cRs.40
040 _aLoreto College
041 _aEnglish
082 _a370.954/BAS
_bLCLIB/35697,35698
100 _aBasak,N.L.
245 _aHistory of vernacular education in Bengal
_cN.L.Basak
260 _aCalcutta
_bBharati Book Stall
_c1974
300 _axv,445 p.
_c 10 cm.
504 _aIncludes bibliography and index
650 _aEducation - India
850 _aLCLIB
942 _cBK
999 _c10609
_d61088